000
00293nam a22001097a 4500
008
230620b xxu||||| |||| 00| 0 eng d
082
_a
320.9
_b
HMS
245
_a
A Year Book of the CommonWealth 1985
260
_a
London
_b
Her Majesty's Stationery office
_c
1985
300
_a
538p
942
_2
ddc
_c
BK
999
_c
1590
_d
1590